(Record no. 185532)
[ view plain ]
| 000 -CABECERA | |
|---|---|
| campo de control de longitud fija | 01151nam a2200229Ia 4500 |
| 001 - NÚMERO DE CONTROL | |
| campo de control | IA_The study is a strategic process, shows us from the market research, supply of raw materials, organizational strategy, analysis of size, location, process engineering, financial analysis, risk analysis and environmental impact which give us a broad overview of the characteristics on which the project will operate. |
| 008 - DATOS DE LONGITUD FIJA--INFORMACIÓN GENERAL | |
| campo de control de longitud fija | 220117s xx 000 0 und d |
| 010 ## - NÚMERO DE CONTROL DE LA BIBLIOTECA DEL CONGRESO | |
| Número de control de LC | 185532 |
| 530 ## - NOTA DE FORMATO FÍSICO ADICIONAL DISPONIBLE | |
| Nota de formato físico adicional disponible | Disponible en PDF |
| 650 ## - PUNTO DE ACCESO ADICIONAL DE MATERIA--TÉRMINO DE MATERIA | |
| Término de materia o nombre geográfico como elemento de entrada | Carne de cerdo |
| Subdivisión general | Comercio |
| 9 (RLIN) | 159598 |
| 650 ## - PUNTO DE ACCESO ADICIONAL DE MATERIA--TÉRMINO DE MATERIA | |
| Término de materia o nombre geográfico como elemento de entrada | Cerdo |
| Subdivisión general | Productos cárnicos |
| 9 (RLIN) | 159599 |
| 650 #0 - PUNTO DE ACCESO ADICIONAL DE MATERIA--TÉRMINO DE MATERIA | |
| Término de materia o nombre geográfico como elemento de entrada | Industria del ganado y de la carne |
| Subdivisión geográfica | México |
| -- | Puebla |
| 9 (RLIN) | 159600 |
| 650 #0 - PUNTO DE ACCESO ADICIONAL DE MATERIA--TÉRMINO DE MATERIA | |
| Término de materia o nombre geográfico como elemento de entrada | Livestock and meat industry |
| Subdivisión geográfica | Mexico |
| -- | Puebla |
| 9 (RLIN) | 159601 |
| 650 ## - PUNTO DE ACCESO ADICIONAL DE MATERIA--TÉRMINO DE MATERIA | |
| Término de materia o nombre geográfico como elemento de entrada | Pork |
| Subdivisión general | Trade |
| 9 (RLIN) | 159602 |
| 650 ## - PUNTO DE ACCESO ADICIONAL DE MATERIA--TÉRMINO DE MATERIA | |
| Término de materia o nombre geográfico como elemento de entrada | Swine |
| Subdivisión general | Meat products |
| 9 (RLIN) | 159603 |
| 700 ## - PUNTO DE ACCESO ADICIONAL--NOMBRE DE PERSONA | |
| Nombre de persona | Espejel Zaragoza, José Afredo, asesor |
| 9 (RLIN) | 163732 |
| 700 1# - PUNTO DE ACCESO ADICIONAL--NOMBRE DE PERSONA | |
| Nombre de persona | Martínez Mosqueda, Francisco |
| 9 (RLIN) | 148600 |
| 700 ## - PUNTO DE ACCESO ADICIONAL--NOMBRE DE PERSONA | |
| Nombre de persona | Ponce Hernández, Pedro, asesor |
| 9 (RLIN) | 163704 |
| 942 ## - ELEMENTOS DE PUNTO DE ACCESO ADICIONAL (KOHA) | |
| Tipo de ítem Koha | |
No items available.
